| 000 | 00641nam a2200169Ia 4500 | ||
|---|---|---|---|
| 008 | 090201s9999 xx 000 0 und d | ||
| 010 | _aKPL-12178 | ||
| 040 | _bमराठी | ||
| 041 | _aमराठी | ||
| 082 |
_a25730 _b12178 |
||
| 100 | _aश्री. के नारायण काळे | ||
| 245 |
_aअभिनयसाधना _cश्री. के नारायण काळे |
||
| 260 |
_c2004 _bमहाराष्ट्र राज्य साहित्य आणि संस्कृती मंडळ. |
||
| 300 |
_a368 _bमोठा |
||
| 600 | _aअभिनयसाधना | ||
| 942 | _cBOOK | ||
| 999 |
_c224910 _d224910 |
||